| 000 | 00484nam a2200193Ia 4500 | ||
|---|---|---|---|
| 008 | 130318s9999 xx 000 0 und d | ||
| 020 | _a8177581813 | ||
| 082 | _a576.5 WAT/M | ||
| 100 | _aWatson, James D | ||
| 245 | _aMolecular biology of the gene | ||
| 250 | _a5 | ||
| 260 |
_bPearson Education _aNew Delhi _c2007 |
||
| 300 |
_a732 _e1 CD No-398 |
||
| 650 | _aGENE | ||
| 650 | _aGENOMICS | ||
| 650 | _aMOLICULAR BIOLOGY | ||
| 700 | _aBaker, Tania A | ||
| 700 | _aBell, Stephen P | ||
| 999 |
_c1354 _d1354 |
||